The black ship scroll : (Record no. 17498)

MARC details
000 -LEADER
fixed length control field 00827nam a2200253Ia 4500
001 - CONTROL NUMBER
control field AUWbook001727
003 - CONTROL NUMBER IDENTIFIER
control field BDCtgAUW
005 - DATE AND TIME OF LATEST TRANSACTION
control field 20260406155100.0
008 - FIXED-LENGTH DATA ELEMENTS--GENERAL INFORMATION
fixed length control field 220908s9999 xx 000 0 eng d
040 ## - CATALOGING SOURCE
Original cataloging agency BDCtgAUW
Transcribing agency BDCtgAUW
100 1# - MAIN ENTRY--PERSONAL NAME
Personal name Statler, Oliver.
245 #0 - TITLE STATEMENT
Title The black ship scroll :
Remainder of title an account of the perry expedition at shimoda in 1854 and the lively beginnings of people-to-people relations between japan and america. based on contemporary records, with translations by richard lane, and scroll paintings in f /
250 ## - EDITION STATEMENT
Edition statement Second edition.
260 ## - PUBLICATION, DISTRIBUTION, ETC.
Place of publication, distribution, etc. Tokyo :
Name of publisher, distributor, etc. John Weatherhill,
300 ## - PHYSICAL DESCRIPTION
Extent 80 pages.
650 #0 - SUBJECT ADDED ENTRY--TOPICAL TERM
Topical term or geographic name entry element History.
651 #0 - SUBJECT ADDED ENTRY--GEOGRAPHIC NAME
Geographic name Japan.
9 (RLIN) 79863
651 #0 - SUBJECT ADDED ENTRY--GEOGRAPHIC NAME
Geographic name Japan
General subdivision History.
9 (RLIN) 79864
887 ## - NON-MARC INFORMATION FIELD
Content of non-MARC field BRAC
Source of data 2982
888 ## -
-- 2982
942 ## - ADDED ENTRY ELEMENTS (KOHA)
Koha item type Books
945 ## - LOCAL PROCESSING INFORMATION (OCLC)
c BK

No items available.